| 000 | 00631nam a2200169 i 4500 | ||
|---|---|---|---|
| 001 | 149739 | ||
| 003 | ES-MaACL | ||
| 005 | 20230906203232.0 | ||
| 007 | t| | ||
| 008 | 071024s1973 sp ||||1| spa d | ||
| 245 | 0 | 3 |
_aEl mundo en que vivimos / _c[obra dirigida por Valentín Vázquez de Prada]. |
| 260 |
_aBarcelona : _bInstituto Gallach, _c[1973] |
||
| 300 |
_a5 v. : _bil. ; _c31 cm. |
||
| 505 | 8 | _aContiene: v.1. La tierra. Regiones polares -- v. 2. Europa -- v. 3. Europa (II). Asia -- v. 4. Africa. Oceanía -- v. 5. América | |
| 700 | 1 |
_aVázquez de Prada, Valentín. _9113427 |
|
| 852 |
_aES-MaACL _jC-55403-7 _bR.87861 |
||
| 999 |
_c149739 _d149739 |
||